000 01771nam a2200337 i 4500
003 EG-GICUC
005 20260513193214.0
008 260513m20142015ua ||||fr|||| 00| 0 ara d
040 _a EG-GICUC
_bara
_c EG-GICUC
_d EG-GICUC
_erda
041 _aara
_hara
082 0 4 _221
_a343.39
_bم ح . و
092 0 4 _221
099 _aLaw1 10 343.39 م ح . و 2 ed - 2014
100 0 _aمحمد أحمد محمود
_eمؤلف.
245 1 2 _aالوسيط فى أدلة الإثبات الجنائي :
_bالقرائن - المحررات - المعاينة /
_cتأليف دكتور محمد أحمد محمود.
250 _aالطبعة الثانية
_b2014
264 1 _aالقاهرة :
_bدار العدل للإصدارات القانونية،
_c2014.
300 _a138 صفحة ;
_c24 سم.
336 _2rda content
_atext
337 _2rda media
_aComputer
338 _2rda carrier
_aOnline Resource
504 _aيشتمل على إرجاعات ببليوجرافية.
505 _aتعريف القرائن القرائن القانونية والقرائن القضائية حجية القرينة - شروط الإنبات بالقرائن القضائية تعريف المحررات - الأوراق ذات الحجية الخاصة دعوى التزوير الفرعية . تعريف المعاينة المعاينة في مرحلة التحقيق الإبتدائي خضوع المعاينة لمناقشة الخصوم بالجلسة.
546 _aالنص باللغة العربية
650 1 _aالقانون الجنائي
650 1 _aالإثبات الجنائي
650 1 _aأدلة الإثبات الجنائي
856 4 0 _uhttps://fll.law.cu.edu.eg/fulltext/bks/B10-12228.pdf
905 _a43
942 _2ddc
_n0
_cBK
_e21
999 _c76825
_d76825